| 000 | 00442nam a22001577a 4500 | ||
|---|---|---|---|
| 020 | _a9780471452416 | ||
| 040 | _cNUST | ||
| 082 | _a621.4021 MOR | ||
| 100 | _aMoran, Michael J | ||
| 110 |
_aShapiro, Howard N _9114240 |
||
| 245 | _aFundamentals of Engineering Thermodynamics | ||
| 250 | _a5th Edition | ||
| 260 |
_aHoboken: _bJohn Wiley & Sons, _c2004. |
||
| 650 |
_aFundamentals of Engineering Thermodynamics _9114241 |
||
| 942 |
_2ddc _cBK |
||
| 999 |
_c595609 _d595609 |
||